000 00390nam a2200157 4500
005 20260602114219.0
020 _a9788181915238
082 _a617.6
_bD19S
100 _a Shankar, Gowri
245 _aDentest clinical sciences
260 _aHyderabad
_b Paras Medical Publisher
_c 2019
300 _aV.1-904, V.2-1958
653 _aDentistry
700 _aShenvi, Suresh
942 _2ddc
_cBK
999 _c34921
_d34921